Aplikovaná analýza rizika ve finančním managementu a investičním rozhodování /

Hlavní autor: Fotr, Jiří, 1938-
Další autoři: Hnilica, Jiří, 1976-
Jazyk: Čeština
Vydáno: Praha : Grada, 2014
Vydání: 2., aktualiz. a rozš. vyd.
Edice: Expert (Grada)
Témata:
Fyzický popis: 299 s. : il., portréty ; 24 cm
Language note: Anglické resumé
Knihy
Uloženo v:
LEADER 02134nam a2200553 a 4500
001 nkc20142573620
003 CZ PrNK
005 20141020145156.0
007 ta
008 140314s2014 xr ac f 001 0 cze
015 |a cnb002573620 
020 |a 978-80-247-5104-7  |q (brož.) 
035 |a (OCoLC)880868798 
040 |a BOA001  |b cze 
041 0 |a cze  |b eng 
072 7 |a 519.1/.8  |x Kombinatorika. Teorie grafů. Matematická statistika. Operační výzkum. Matematické modelování  |2 Konspekt  |9 13 
080 |a 519.248  |2 MRF 
080 |a 005.311.6  |2 MRF 
080 |a 658.14/.17  |2 MRF 
080 |a 519.86/.87  |2 MRF 
080 |a (048.8)  |2 MRF 
100 1 |a Fotr, Jiří,  |d 1938-  |7 jn19981001221  |4 aut 
245 1 0 |a Aplikovaná analýza rizika ve finančním managementu a investičním rozhodování /  |c Jiří Fotr, Jiří Hnilica 
246 1 8 |a Aplikovaná analýza rizika 
250 |a 2., aktualiz. a rozš. vyd. 
260 |a Praha :  |b Grada,  |c 2014 
300 |a 299 s. :  |b il., portréty ;  |c 24 cm 
490 1 |a Expert 
504 |a Obsahuje bibliografie, bibliografické odkazy a rejstřík 
546 |a Anglické resumé 
650 0 7 |a riziková analýza  |7 ph172868  |2 czenas 
650 0 7 |a rozhodování  |7 ph125259  |2 czenas 
650 0 7 |a finanční management  |7 ph114551  |2 czenas 
650 0 7 |a modelování a simulace  |7 ph125543  |2 czenas 
650 0 9 |a risk analysis  |2 eczenas 
650 0 9 |a decision making  |2 eczenas 
650 0 9 |a financial management  |2 eczenas 
650 0 9 |a modeling and simulation  |2 eczenas 
655 7 |a monografie  |7 fd132842  |2 czenas 
655 9 |a monographs  |2 eczenas 
700 1 |a Hnilica, Jiří,  |d 1976-  |7 xx0023776  |4 aut 
830 0 |a Expert (Grada)  |0 s 
910 2 |a BOA001  |b 2-1324.375 
990 |a BK 
995 |a 01 
991 |b 201404  |c NOV  |e n 
996 6 |b 2610588635  |c 2-1324.375  |l MZK  |r Sklad / do 1 hodiny  |n 21  |p p.v.  |w 001416064  |u 000010  |a 1  |e BOA001  |j MZK50  |s P 
996 7 |b 2610607867  |c 2-1324.375  |l Vol.výběr  |r VV 0p  |n 38  |p kup  |h 005 HNI  |w 001416064  |u 000020  |a 0  |e BOA001  |j MZK50  |s A 
996 7 |b 2610607868  |c 2-1324.375  |l Vol.výběr  |r VV 0p  |n 40  |p kup  |h 005 HNI  |w 001416064  |u 000030  |a 0  |e BOA001  |j MZK50  |s A